000 00574nam a2200169 i 4500
001 78245
003 ES-MaACL
005 20230906173624.0
007 t|
008 041013s1960 sp ||||1| spa d
100 1 _aHèanchen, Richard.
_9128114
245 1 0 _aResistencia a la fatiga
_b: cálculo y forma de los elementos de máquinas /
_cRichard Hèanchen ; [versión española por Juan Maluquer Wahl].
260 _aBarcelona :
_bReverti,
_c1960.
300 _a210 p. :
_bil. ;
_c22 cm.
700 1 _aMaluquer Wahl, Juan J.
_975884
852 _aES-MaACL
_jC-18405
_bR.46288
999 _c78245
_d78245